000 01160cam a22002054a 4500
005 20250605164014.0
008 250528s ||||||||||||||||||||||||d
035 _a16082
020 _a415050642
040 _aGR-AtMCL
_bgre
_dGR-AtMCL
_eAACR2
245 1 _aAdvertising International / The Privatisation of Public Space
260 _bRouledge,
_c1991
300 _a242
505 0 _aThe Geostrategy of the Networks, Culture Shock, The Limits of the Global Scenario, Media Worlds, The Vanguard of Deregulation, The New Frontier of the Old Continent, Changing Roles, Audience Measurement, Think Tanks, The Spirit of Enterprise, Total Communication, The Weapon of Critisism and the Critisism of Weapons, Notes, Index.
520 _aThe Geostrategy of the Networks, Culture Shock, The Limits of the Global Scenario, Media Worlds, The Vanguard of Deregulation, The New Frontier of the Old Continent, Changing Roles, Audience Measurement, Think Tanks, The Spirit of Enterprise, Total Communication, The Weapon of Critisism and the Critisism of Weapons, Notes, Index.
700 1 _aMattelart Armand
_92122
942 _cBK
999 _c1621
_d1621